| 000 | 01053nmm a2200349 a 4500 | ||
|---|---|---|---|
| 001 | ocm0001299416 | ||
| 003 | TR-IsHL | ||
| 005 | 20201028161941.0 | ||
| 008 | 160715s2015 tu tur | ||
| 007 | cr cn | ||
| 020 | _a9786055541330 | ||
| 035 |
_a1299416 _b(N$T) |
||
| 050 | 0 | 4 |
_aHB501 _b.M371 2015 |
| 090 | 0 | 4 |
_aHB501 _b.M371 2015 |
| 100 | 1 | _aMarx, Karl | |
| 245 | 1 | 0 |
_aKapital: ekonomi politiğin eleştirisi _h[electronic resource] / _cKarl Marx ; çeviri Mehmet Selik, Nail Satılgan |
| 250 | _a8. basım | ||
| 260 |
_aİstanbul : _bYordam Kitap, _c2015 |
||
| 300 | _a875 p. | ||
| 500 |
_aDizin var. _x |
||
| 650 | 4 | _aEkonomi ve Finans | |
| 650 | 4 | _aEconomics and Finance | |
| 650 | 0 | _aMarx, Karl, 1818-1883 | |
| 650 | 0 | _aSermaye | |
| 650 | 0 | _aCapital | |
| 650 | 0 | _aEkonomi | |
| 650 | 0 | _aEconomics | |
| 650 | 7 |
_aBUSINESS & ECONOMICS / General _2bisacsh |
|
| 700 | 1 | _aSelik, Mehmet | |
| 700 | 1 | _aSatılgan, Nail | |
| 856 | 4 | 0 | _uhttp://search.ebscohost.com/login.aspx?direct=true&scope=site&db=e011xww&AN=1299416 |
| 999 |
_c14440 _d14440 |
||